Soteriología
Uloženo v:
| Hlavní autor: | |
|---|---|
| Médium: | Kniha |
| Jazyk: | španělština |
| Vydáno: |
Barcelona
Herder
1992
|
| Vydání: | 1a. ed |
| Edice: | Biblioteca de Teología, 17
|
| Témata: | |
| Tagy: |
Přidat tag
Žádné tagy, Buďte první, kdo vytvoří štítek k tomuto záznamu!
|
MARC
| LEADER | 00000cam a2200000 a 4500 | ||
|---|---|---|---|
| 001 | UCU6829 | ||
| 003 | CL-VaPUC | ||
| 008 | 960621e19920000SP |||||||||||||||||spa|d | ||
| 020 | |a 8425417805 | ||
| 082 | 0 | 4 | |a 234.4 |b WER |2 21 |
| 100 | 0 | |a Werbick, Jurgen |e author |9 365243 | |
| 245 | 1 | 0 | |a Soteriología |
| 250 | |a 1a. ed | ||
| 300 | |a 358 p | ||
| 942 | |c BK | ||
| 945 | |d 19960621 00:00:00 |a aalvarez | ||
| 260 | |a Barcelona |b Herder |c 1992 | ||
| 650 | 7 | |a SOTERIOLOGIA |2 CL-VaPUC |9 365244 | |
| 650 | 0 | |a Redención |9 314279 | |
| 583 | |a last modification |c 20150526 05:35:05 |k Rodrigo Vera | ||
| 490 | 0 | |a Biblioteca de Teología, 17 | |
| 999 | |c 249632 |d 249630 | ||
| 952 | |0 0 |1 0 |4 0 |6 234_400000000000000_WER_1992 |7 0 |8 A |9 266983 |a BIBTEO |b BIBTEO |d 2019-11-19 |i 3208265 |o 234.4 WER 1992 |p 3208265 |r 2025-01-17 |w 2019-11-19 |y BK |k ICR | ||
| 952 | |0 0 |1 0 |3 erb |4 0 |6 234_400000000000000_WER_1992 |7 0 |8 A |9 266984 |a BIBTEO |b BIBTEO |e Casale Rolle, Carlos Ignacio, -2014 |i 5182484 |o 234.4 WER 1992 |p 5182484 |r 2025-01-17 |w 2019-11-19 |y BK |z Catalogado en:20150529 |k ICR | ||